000 00329nam a2200121Ia 4500
008 220216s9999 xx 000 0 und d
245 0 _aGuthrie medicare products : Continuing the tradition in excellence
260 _bRubber Asia
_c2002
300 _a116-119
650 _aRubber glove
650 _aSurgical gloves
942 _cJS
999 _c60207
_d60207